| 000 | 00561nam a2200193 i 4500 | ||
|---|---|---|---|
| 001 | 103765 | ||
| 003 | ES-MaACL | ||
| 005 | 20230906183436.0 | ||
| 007 | t| | ||
| 008 | 051117s1978 sp ||||1| spa d | ||
| 100 | 1 |
_aMesa, Roberto. _980634 |
|
| 245 | 1 | 3 |
_aLa lucha de liberación del pueblo palestino / _cRoberto Mesa. |
| 260 |
_aMadrid : _bCUPSA, _c1978. |
||
| 300 |
_a257 p. ; _c17 cm. |
||
| 490 | 1 |
_aColección goliárdica ; _v15 |
|
| 830 | 0 |
_aColección goliárdica ; _v15 _9184810 |
|
| 852 |
_aES-MaACL _jA-8645 _bR.97630 |
||
| 999 |
_c103765 _d103765 |
||